000 00737nas a2200241 4500
001 BR0807568
003 BR-BrBNA
005 20231205112708.0
007 ta
008 230509b bl.|||p| |||| 00| 00por d
040 _aBR-BrBNA
_bpor
_cBiblioteca Nacional de Agricultura
041 _a(En)
072 _aF60
100 1 _aAndrade, S.A.L.
100 1 _aSilveira, A.P.D. da
245 1 _aMycorrhiza influence on maize development under Cd stress and P supply
650 _aMILHO
650 _aESTRESSE
650 _aBIOLOGIA VEGETAL
773 0 _tBrazilian Journal of Plant Physiology (Brazil)
_xISSN 1677-0420
_g(Jan-Mar 2008), v. 20(1) p. 39-50
_wBR0807568
909 _a202311
_bLúcia
_c55
_dLúcia Elande
942 _2AGRIS
_n0
_cANA
999 _c199422
_d199422